| 000 | 00869cam a22002651 4500 | ||
|---|---|---|---|
| 001 | sa 66003935 | ||
| 003 | DLC | ||
| 005 | 20260227112239.0 | ||
| 008 | 791016s1965 ii abf b 000 0 eng | ||
| 010 | _asa 66003935 | ||
| 035 | _a(OCoLC)5530220 | ||
| 040 |
_aDLC _cOCl _dDLC |
||
| 042 | _apremarc | ||
| 050 | 0 | 0 |
_aDS419 _b.P7 1965 |
| 082 | _a915.403 | ||
| 100 | 1 |
_aPrakash, Satya, _d1905- |
|
| 245 | 1 | 0 |
_aChemical study of some Indian archaeological antiquities _c[by] Satya Prakash and N. S. Rawat. |
| 250 | _a[1st ed.] | ||
| 260 |
_aBombay, _aNew York, _bAsia Pub. House _c[c1965] |
||
| 300 |
_a85 p. _billus., map, plates. _c23 cm. |
||
| 490 | 0 |
_aUttar Pradesh. State Council of Scientific and Industrial Research, monograph, _v10 |
|
| 500 | _aIncludes bibliographical references. | ||
| 651 | 0 |
_aIndia _xAntiquities. |
|
| 700 | 1 |
_aRawat, N. S., _ejoint author. |
|
| 999 |
_c69182 _d69182 |
||